A kórházi sürgősségi ellátás alapjai a sürgősségi betegvizsgálat alapjai, dokumentáció /

Elmentve itt :
Bibliográfiai részletek
Szerző: Pető Zoltán
Dokumentumtípus: Könyv
Megjelent: 2015
Kulcsszavak:sürgősségi
betegellátás
Tárgyszavak:
Online Access:http://eta.bibl.u-szeged.hu/971
LEADER 00797nnm a2200229 i 4500
001 eta971
005 20190411131056.0
008 181121s2015 hu o 0|| hun d
040 |a SZTE Elektronikus Tananyag Archívum  |b hun 
041 |a hun 
100 1 |a Pető Zoltán 
245 1 2 |a A kórházi sürgősségi ellátás alapjai   |h [elektronikus dokumentum] :  |b a sürgősségi betegvizsgálat alapjai, dokumentáció /  |c  Pető Zoltán 
260 |c 2015 
300 |a 10 
516 |a Book 
650 4 |a Orvos- és egészségtudomány 
650 4 |a Klinikai orvostan 
650 4 |a Intenzív és sürgősségi ellátás 
650 4 |a Sürgősségi ellátás 
695 |a sürgősségi 
695 |a betegellátás 
856 4 0 |u https://eta.bibl.u-szeged.hu/971/1/peto_zoltan_surgossegi.pdf  |z Dokumentum-elérés